Turbulence models for numerical simulation of temperature distribution in SCWR; Физико-технические проблемы в науке, промышленности и медицине

Bibliographische Detailangaben
Parent link:Физико-технические проблемы в науке, промышленности и медицине.— 2022.— [С. 17-18]
1. Verfasser: Parimala Rangan Fidel Castro
Körperschaft: Национальный исследовательский Томский политехнический университет Инженерная школа энергетики Научно-образовательный центр И. Н. Бутакова (НОЦ И. Н. Бутакова)
Weitere Verfasser: Korotkikh A. G. Aleksandr Gennadievich
Zusammenfassung:Заглавие с экрана
Sprache:Englisch
Veröffentlicht: 2022
Schriftenreihe:Ядерные установки, перспективные ядерные топливные циклы и технологии
Schlagworte:
Online-Zugang:http://earchive.tpu.ru/handle/11683/74537
Format: MixedMaterials Elektronisch Buchkapitel
KOHA link:https://koha.lib.tpu.ru/cgi-bin/koha/opac-detail.pl?biblionumber=635414

MARC

LEADER 00000naa2a2200000 4500
001 635414
005 20240215132030.0
035 |a (RuTPU)RU\TPU\conf\37267 
035 |a RU\TPU\conf\37266 
090 |a 635414 
100 |a 20230119d2022 k y0rusy50 ba 
101 0 |a eng 
102 |a RU 
105 |a y z 101zy 
135 |a drgn ---uucaa 
181 0 |a i  
182 0 |a b 
200 1 |a Turbulence models for numerical simulation of temperature distribution in SCWR  |f Parimala Rangan Fidel Castro, A. G. Korotkikh 
203 |a Текст  |c электронный 
225 1 |a Ядерные установки, перспективные ядерные топливные циклы и технологии 
300 |a Заглавие с экрана 
320 |a [Библиогр.: с. 18 (1 назв.)] 
463 0 |0 (RuTPU)RU\TPU\conf\36995  |t Физико-технические проблемы в науке, промышленности и медицине  |o сборник тезисов докладов XI Международной научно-практической конференции, г. Томск, 07–09 сентября 2022 г.  |f Национальный исследовательский Томский политехнический университет, Инженерная школа ядерных технологий ; ред. кол. А. Г. Горюнов, О. Ю. Долматов, А. О. Семенов, Е. С. Сухих  |v [С. 17-18]  |d 2022 
610 1 |a труды учёных ТПУ 
610 1 |a электронный ресурс 
610 1 |a турбулентность 
610 1 |a численное моделирование 
610 1 |a распределение 
610 1 |a температура 
610 1 |a CFD-моделирование 
610 1 |a теплообмен 
610 1 |a топливные стержни 
610 1 |a сверхкритическое давление 
700 0 |a Parimala Rangan Fidel Castro 
701 1 |a Korotkikh  |b A. G.  |c specialist in the field of power engineering  |c Professor of Tomsk Polytechnic University, Doctor of Physical and Mathematical Sciences  |f 1976-  |g Aleksandr Gennadievich  |3 (RuTPU)RU\TPU\pers\34763  |9 18113 
712 0 2 |a Национальный исследовательский Томский политехнический университет  |b Инженерная школа энергетики  |b Научно-образовательный центр И. Н. Бутакова (НОЦ И. Н. Бутакова)  |3 (RuTPU)RU\TPU\col\23504 
801 2 |a RU  |b 63413507  |c 20230201  |g RCR 
856 4 |u http://earchive.tpu.ru/handle/11683/74537 
942 |c BK